How to read like a parasite (Record no. 4667)

MARC details
000 -CABECERA
campo de control de longitud fija 01673nam a22003373i 4500
001 - NÚMERO DE CONTROL
campo de control 991025470322207026
003 - IDENTIFICADOR DEL NÚMERO DE CONTROL
campo de control UkOxU
005 - FECHA Y HORA DE LA ÚLTIMA TRANSACCIÓN
campo de control 20250515074233.0
006 - CÓDIGOS DE INFORMACIÓN DE LONGITUD FIJA--CARACTERÍSTICAS DEL MATERIAL ADICIONAL
campo de control de longitud fija m o d |
007 - CAMPO FIJO DE DESCRIPCIÓN FÍSICA--INFORMACIÓN GENERAL
campo de control de longitud fija cr cnu||||||||
008 - DATOS DE LONGITUD FIJA--INFORMACIÓN GENERAL
campo de control de longitud fija 231214s2024 xx o ||||0 eng d
020 ## - NÚMERO INTERNACIONAL ESTÁNDAR DEL LIBRO
Número Internacional Estándar del Libro 9781914420627
035 ## - NÚMERO DE CONTROL DEL SISTEMA
Número de control de sistema (MiAaPQ)EBC30735571
035 ## - NÚMERO DE CONTROL DEL SISTEMA
Número de control de sistema (Au-PeEL)EBL30735571
035 ## - NÚMERO DE CONTROL DEL SISTEMA
Número de control de sistema (OCoLC)1414468009
035 ## - NÚMERO DE CONTROL DEL SISTEMA
Número de control de sistema (CKB)29351019100041
035 ## - NÚMERO DE CONTROL DEL SISTEMA
Número de control de sistema (Exl-AI)30735571
035 ## - NÚMERO DE CONTROL DEL SISTEMA
Número de control de sistema (EXLCZ)9929351019100041
040 ## - FUENTE DE LA CATALOGACIÓN
Centro catalogador/agencia de origen MiAaPQ
Lengua de catalogación eng
Normas de descripción rda
-- pn
Centro/agencia transcriptor MiAaPQ
Centro/agencia modificador MiAaPQ
041 ## - CÓDIGO DE LENGUA
Código de lengua del texto/banda sonora o título independiente eng
050 ## - SIGNATURA TOPOGRÁFICA DE LA BIBLIOTECA DEL CONGRESO
Número de clasificación B3317
Número de documento/Ítem .T88 2024
100 ## - ENTRADA PRINCIPAL--NOMBRE DE PERSONA
Nombre de persona Tutt, Daniel
9 (RLIN) 25241
Término indicativo de función/relación author
245 10 - MENCIÓN DE TÍTULO
Título How to read like a parasite
Resto del título : why the left got high on Nietzsche
Mención de responsabilidad, etc. / Daniel Tutt.
250 ## - MENCIÓN DE EDICIÓN
Mención de edición First edition.
264 #1 - PRODUCCIÓN, PUBLICACIÓN, DISTRIBUCIÓN, FABRICACIÓN Y COPYRIGHT
Producción, publicación, distribución, fabricación y copyright New York :
Nombre del de productor, editor, distribuidor, fabricante Watkins Media,
Fecha de producción, publicación, distribución, fabricación o copyright 2024.
300 ## - DESCRIPCIÓN FÍSICA
Extensión 353 pages ;
Dimensiones 19 cm.
520 ## - SUMARIO, ETC.
Sumario, etc. Daniel Tutt's book offers a critical examination of Nietzsche's philosophy from a Marxist perspective, emphasizing the need to contextualize Nietzsche historically rather than simply condemning him. Tutt challenges leftist interpretations of Nietzsche, arguing that Nietzsche's philosophy aligns more closely with reactionary and hierarchical ideologies, opposing socialist principles. The book explores Nietzsche's influence on both the right and left, highlighting his impact on capitalist ideology and individualism. Tutt provides a nuanced critique, acknowledging Nietzsche's genius while exposing the limitations and contradictions within his thought, particularly in relation to Marxism and socialism.
650 #0 - PUNTO DE ACCESO ADICIONAL DE MATERIA--TÉRMINO DE MATERIA
Término de materia o nombre geográfico como elemento de entrada Philosophy, German
9 (RLIN) 25242
650 #0 - PUNTO DE ACCESO ADICIONAL DE MATERIA--TÉRMINO DE MATERIA
Término de materia o nombre geográfico como elemento de entrada Capitalism
9 (RLIN) 5206
942 ## - ELEMENTOS DE ENTRADA AGREGADA (KOHA)
Fuente del sistema de clasificación o colocación Clasificación de Library of Congress
Holdings
Estado de retiro Estado de pérdida Fuente del sistema de clasificación o colocación Estado dañado No para préstamo Biblioteca de origen Biblioteca actual Fecha de adquisición Total de préstamos Signatura topográfica completa Código de barras Fecha visto por última vez Número de copia Precio válido a partir de Tipo de ítem Koha
    Clasificación de Library of Congress     TBS Barcelona TBS Barcelona 14/05/2025   B3317 TUT B05785 14/05/2025 1 14/05/2025 Book

Powered by Koha